El lenguaje corporal / (Registro nro. 31050)
[ vista simple ]
| 000 -LEADER | |
|---|---|
| fixed length control field | 00792nam a22002417a 4500 |
| 003 - CONTROL NUMBER IDENTIFIER | |
| control field | OSt |
| 005 - DATE AND TIME OF LATEST TRANSACTION | |
| control field | 20250728162134.0 |
| 008 - FIXED-LENGTH DATA ELEMENTS--GENERAL INFORMATION | |
| fixed length control field | 250715t |||a|||| |||| 00| 0 spa d |
| 020 ## - INTERNATIONAL STANDARD BOOK NUMBER | |
| International Standard Book Number | 8401540356 |
| 037 ## - SOURCE OF ACQUISITION | |
| Source of stock number/acquisition | Donación |
| 040 ## - CATALOGING SOURCE | |
| Original cataloging agency | CO-JMCR |
| Language of cataloging | spa |
| Transcribing agency | CO-JMCR |
| Modifying agency | CO-JMCR |
| Description conventions | rda |
| 041 1# - LANGUAGE CODE | |
| Language code of text/sound track or separate title | spa |
| Language code of original | eng |
| 082 04 - DEWEY DECIMAL CLASSIFICATION NUMBER | |
| Edition number | 23 |
| Classification number | 153.8 |
| Item number | O18l |
| 100 1# - MAIN ENTRY--PERSONAL NAME | |
| Personal name | O'Connor, Joseph, |
| Relator term | autor |
| 9 (RLIN) | 44225 |
| 245 13 - TITLE STATEMENT | |
| Title | El lenguaje corporal / |
| Statement of responsibility, etc. | Joseph O'Connor y Ian McDermott; traducido por Sara Alonso. |
| 250 ## - EDITION STATEMENT | |
| Edition statement | 2° edición |
| 260 ## - PUBLICATION, DISTRIBUTION, ETC. | |
| Place of publication, distribution, etc. | Barcelona, España : |
| Name of publisher, distributor, etc. | Plaza & Janes editores S.A., |
| Date of publication, distribution, etc. | ©1997. |
| 300 ## - PHYSICAL DESCRIPTION | |
| Extent | 204 páginas : |
| Other physical details | Ilustraciones ; |
| Dimensions | 20 cm. |
| 500 ## - GENERAL NOTE | |
| General note | Contiene glosario: página 195 |
| 700 1# - ADDED ENTRY--PERSONAL NAME | |
| Personal name | McDermott, Ian, |
| Relator term | autor |
| 9 (RLIN) | 44226 |
| 700 1# - ADDED ENTRY--PERSONAL NAME | |
| Personal name | Alonso, Sara, |
| Relator term | traductora |
| 9 (RLIN) | 44227 |
| 942 ## - ADDED ENTRY ELEMENTS (KOHA) | |
| Source of classification or shelving scheme | Dewey Decimal Classification |
| Koha item type | Books |
| Withdrawn status | Lost status | Source of classification or shelving scheme | Damaged status | Not for loan | Collection code | Home library | Current library | Shelving location | Date acquired | Source of acquisition | Total Checkouts | Full call number | Barcode | Date last seen | Copy number | Price effective from | Koha item type |
|---|---|---|---|---|---|---|---|---|---|---|---|---|---|---|---|---|---|
| Dewey Decimal Classification | Non-fiction | Biblioteca Pública José María del Castillo y Rada | Biblioteca Pública José María del Castillo y Rada | Book Cart | 05/12/2025 | Donación | 153.8 O18l | 201812680 | 07/15/2025 | Ej.1 | 07/15/2025 | Books |